000 00896cam a22002294a 4500
001 15098703
005 20241108114418.0
008 071130s2009 maua b 001 0 eng
020 _a9780073402833 (alk. paper)
020 _a0073402834 (alk. paper)
050 0 0 _aHB172.5
_b.M475 2009
082 0 0 _a338.5
_222
100 1 _aMiller, James D.
_q(James Daniel)
245 1 0 _aPrinciples of microeconomics /
_cJames D. Miller.
260 _aBoston :
_bMcGraw-Hill Irwin,
_c2009.
300 _axxiv, 453 p. :
_bill. ;
_c25 cm.
650 0 _aMicroeconomics.
856 4 2 _3Contributor biographical information
_uhttp://www.loc.gov/catdir/enhancements/fy0806/2007048719-b.html
856 4 2 _3Publisher description
_uhttp://www.loc.gov/catdir/enhancements/fy0806/2007048719-d.html
856 4 1 _3Table of contents only
_uhttp://www.loc.gov/catdir/enhancements/fy0806/2007048719-t.html
942 _2lcc
_cBK
_n0
999 _c864
_d864